Sports Quiz

Random Sports or Letter Quiz

ENGLAND's All-Time Top Goalscorers A-Z' Quiz Stats

 Plays Quiz not verified by Sporcle

Score 0/26 Timer 07:00
0 Plays Today
Initial Player % Correct
XNone
100%
ZNone
100%
RWayne Rooney
93.1%
CBobby Charlton
91.4%
OMichael Owen
90.6%
SAlan Shearer
89.7%
LGary Lineker
87.8%
GJimmy Greaves
76%
HGeoff Hurst
67.5%
YAshley Young
61.6%
KHarry Kane
59.4%
IPaul Ince
58.6%
JTommy Johnson, David Johnson
50.7%
Initial Player % Correct
UMatthew Upson
46.1%
FTom Finney
45.7%
PDavid Platt
42.8%
ADarren Anderton
42.3%
VJamie Vardy
40.8%
DJermain Defoe
39.3%
EDuncan Edwards
25.4%
MStan Mortensen
24.7%
TTommy Taylor
23.4%
BStephen Bloomer
16%
WVivian Woodward
13.6%
NPhil Neal
10.1%
QAlf Quantrill
1%

You're not logged in!

Compare scores with friends on all Sporcle quizzes.
OR
Log In

Show Comments

Extras

Top Quizzes Today


Score Distribution

Your Account Isn't Verified!

In order to create a playlist on Sporcle, you need to verify the email address you used during registration. Go to your Sporcle Settings to finish the process.

Report this User

Report this user for behavior that violates our Community Guidelines.

Details: